Welcome to the Holygrace Academy Library

Please use search bar below to get started

IF I RAN THE RAINFOREST (Record no. 5174)

MARC details
000 -LEADER
fixed length control field 00303nam a22001337a 4500
082 ## - DEWEY DECIMAL CLASSIFICATION NUMBER
Classification number 823
Item number WOR/I
100 ## - MAIN ENTRY--AUTHOR NAME
Personal name WORTH, BONNIE
245 ## - TITLE STATEMENT
Title IF I RAN THE RAINFOREST
260 ## - PUBLICATION, DISTRIBUTION, ETC. (IMPRINT)
Place of publication UK
Name of publisher HARPER COLLINS
300 ## - PHYSICAL DESCRIPTION
Number of Pages 45
520 ## - SUMMARY, ETC.
Summary, etc ENGLISH SHORT STORIES
650 ## - SUBJECT ADDED ENTRY--TOPICAL TERM
Topical Term ENGLISH SHORT STORIES
Geographic subdivision UK
942 ## - ADDED ENTRY ELEMENTS (KOHA)
Koha item type Books
Holdings
Withdrawn status Lost status Collection code Home library Current library Shelving location Date acquired Source of acquisition Full call number Accession Number Koha item type
    Fiction Main Library Main Library SHELF 3- I- ENGLISH CHILDRENS LITERATURE &MYTHOLOGY 24/04/2013 PURCHASE 823 WOR/I 06526 Books